000 00578nam a2200205Ia 4500
005 20250508165814.0
008 008 250505s9999 xx 000 0 eng d
037 _aTextual
040 _aFEDL
_beng
_cFEDL
041 _aeng
_2eng
084 _aB, KAM
_qFEDL
100 _aNanda Reena
_9141128
245 0 _aKamaladevi Chattopadhyaya: A biography
260 _aNew Delhi, India
_bOxford University Press
_c2002
300 _aviii, 168p.
365 _aINR
_b35
546 _aGifted by Prof. Krishna kumar
942 _cTEXL
_hB, KAM
999 _c1397559
_d1397559